00749nam a2200181Ia 4500003000900000008004100009020002600050040001600076100003000092245007100122260003200193300002000225490003300245856010300278942000700381999001700388952016200405IN-BaIIA211028s9999 xx s 000 0 eng d a9780892523221 (Print) cIIA Library aSakai, Hajime, ed.941226 0a1981 Intl Conf on Fourier Transform Infrared Spectroscopyh[eBook] aWashington, USAbSPIEc1981 aOnline resource aProceedings of SPIE; V. 0289 uhttps://www.spiedigitallibrary.org/conference-proceedings-of-spie/0289yClick Here to Access eBook cEB c22600d22600 00104070aBANbBANd2011-07-01eSPIEhV. 289l0pEB2060r2021-11-05uhttps://www.spiedigitallibrary.org/conference-proceedings-of-spie/0289w2021-11-05yEB